Normal view
MARC view
- Jabłoński, Ryszard
Entry Personal Name
001 - CONTROL NUMBER
- control field: 83166
003 - CONTROL NUMBER IDENTIFIER
- control field: NUST
005 - DATE AND TIME OF LATEST TRANSACTION
- control field: 20211014163615.0
008 - FIXED-LENGTH DATA ELEMENTS
- fixed length control field: 211014|| aca||aabn | a|a d
040 ## - CATALOGING SOURCE
- Original cataloging agency: NUST
- Transcribing agency: NUST
100 ## - HEADING--PERSONAL NAME
- Personal name: Jabłoński, Ryszard
670 ## - SOURCE DATA FOUND
- Source citation: Work cat.: (NUST)32983: Brezinaa, Tomas 83164, Recent advances in mechatronics, c2007.
